000 00744nam a22002177a 4500
003 UA-OsUOA
001 108479
007 ta
008 20141021b un ||||| |||| 00| 0 ukr d
100 _aНевідомий В.І.
090 _a330(477)
_bН40
942 _cSA
040 _aUA-OsUOA
_bukr
_cUA-OsUOA
_dUA-OsUOA
245 _aНаціональні особливості формування системи управління та контролю коштів міднародної технічної допомоги від ЄС
300 _aС.14-27
955 _a0
041 _aukr
080 _a330(477)
773 0 _w108477
_tФінанси України
_dК.
_d2014
_g8
650 7 _a330 Економіка взагалі
_2UDC
999 _c394373
_d394373